000
00211 a2200097 4500
001
35560
100
_a
Gogiel M
245
_a
The electromagnetic Problem Solver
260
_a
NJ
_b
REA
_c
090
_c
23433
_d
23433
942
_a
NUST-CAE
_c
M
_c
14929
999
_c
270633
_d
270633